ORGANISATIONAL BEHAVIOUR (Record no. 156)
[ view plain ]
| 000 -LEADER | |
|---|---|
| fixed length control field | 00374nam a2200169Ia 4500 |
| 003 - CONTROL NUMBER IDENTIFIER | |
| control field | OSt |
| 005 - DATE AND TIME OF LATEST TRANSACTION | |
| control field | 20240404120519.0 |
| 008 - FIXED-LENGTH DATA ELEMENTS--GENERAL INFORMATION | |
| fixed length control field | 170523s9999 xx 000 0 und d |
| 020 ## - INTERNATIONAL STANDARD BOOK NUMBER | |
| International Standard Book Number | NIL |
| 040 ## - CATALOGING SOURCE | |
| Transcribing agency | IIMT UNIVERSITY |
| 100 ## - MAIN ENTRY--PERSONAL NAME | |
| Personal name | RAO, M.GAGADHAR |
| 245 #0 - TITLE STATEMENT | |
| Title | ORGANISATIONAL BEHAVIOUR |
| 260 ## - PUBLICATION, DISTRIBUTION, ETC. | |
| Name of publisher, distributor, etc. | KONARK PUBLICATION |
| 260 ## - PUBLICATION, DISTRIBUTION, ETC. | |
| Date of publication, distribution, etc. | 1987 |
| 300 ## - PHYSICAL DESCRIPTION | |
| Extent | 567 |
| 942 ## - ADDED ENTRY ELEMENTS (KOHA) | |
| Source of classification or shelving scheme | |
| Koha item type | Book Bank |
| Withdrawn status | Lost status | Source of classification or shelving scheme | Damaged status | Not for loan | Home library | Current library | Date acquired | Total Checkouts | Barcode | Date last seen | Price effective from | Koha item type | Public note |
|---|---|---|---|---|---|---|---|---|---|---|---|---|---|
| IIMT University Central Library Meerut | IIMT University Central Library Meerut | 05/26/2017 | 01-B-450 | 05/26/2017 | 05/26/2017 | Book Bank | |||||||
| IIMT University Central Library Meerut | IIMT University Central Library Meerut | 05/26/2017 | 01-B-451 | 05/26/2017 | 05/26/2017 | SAMS ISSUE RECORD | Issue to Honable Chairmen Sir seen in old yellow file | ||||||
| IIMT University Central Library Meerut | IIMT University Central Library Meerut | 05/26/2017 | 01-B-452 | 05/26/2017 | 05/26/2017 | Book Bank | |||||||
| IIMT University Central Library Meerut | IIMT University Central Library Meerut | 05/26/2017 | 01-B-453 | 05/26/2017 | 05/26/2017 | Book Bank |

